Điển tích chọn lọc; T1 Tìm hiểu, học tập, giải trí

Saved in:
Bibliographic Details
Main Author: Mộng Bình Sơn
Format: Book
Language:Undetermined
Published: Tp. HCM Văn Nghệ 2001
Subjects:
Tags: Add Tag
No Tags, Be the first to tag this record!
Institutions: Trung tâm Học liệu Trường Đại học Cần Thơ
LEADER 00537nam a2200181Ia 4500
001 CTU_45686
008 210402s9999 xx 000 0 und d
082 |a 495.13 
082 |b S464/T1 
100 |a Mộng Bình Sơn 
245 0 |a Điển tích chọn lọc; T1 
245 0 |b Tìm hiểu, học tập, giải trí 
245 0 |c Mộng Bình Sơn 
260 |a Tp. HCM 
260 |b Văn Nghệ 
260 |c 2001 
650 |a chinese language - rhetoric 
980 |a Trung tâm Học liệu Trường Đại học Cần Thơ